000 00387nam a22001577a 4500
003 OSt
008 210814b ||||| |||| 00| 0 eng d
082 _a920
_bYOA
100 G _aPARAMAHANSA, Yogananda
245 _aAutobiography of a Yogi
250 _a2nd Imp
260 _aKolkata
_bYogoda Satsanga Society of India
_c2017
300 _a501
650 _aReligious
942 _2ddc
_cBK
999 _c10918
_d10918